Engineering Mathematics - II (Record no. 306713)
[ view plain ]
| 000 -LEADER | |
|---|---|
| fixed length control field | 00422nam a2200157Ia 4500 |
| 008 - FIXED-LENGTH DATA ELEMENTS--GENERAL INFORMATION | |
| fixed length control field | 230718s9999 xx 000 0 und d |
| 041 ## - LANGUAGE CODE | |
| Language code of text/sound track or separate title | eng |
| 082 ## - DEWEY DECIMAL CLASSIFICATION NUMBER | |
| Classification number | 510 |
| Item number | BAN |
| 100 ## - MAIN ENTRY--PERSONAL NAME | |
| Personal name | Bandewar S.R. |
| 245 ## - TITLE STATEMENT | |
| Title | Engineering Mathematics - II |
| 260 ## - PUBLICATION, DISTRIBUTION, ETC. (IMPRINT) | |
| Date of publication, distribution, etc. | 2004 |
| Name of publisher, distributor, etc. | Shantanu Prakashan |
| 300 ## - PHYSICAL DESCRIPTION | |
| Extent | 529 |
| 365 ## - TRADE PRICE | |
| Currency code | Rs. |
| Price amount | 275.00 |
| 700 ## - ADDED ENTRY--PERSONAL NAME | |
| Personal name | Bandewar S.R.,Acharya R.S. & Navare S.D. |
| 9 (RLIN) | 188306 |
| 906 ## - LOCAL DATA ELEMENT F, LDF (RLIN) | |
| d | B:-06-Jun-2005 |
| c | MATHS |
| Withdrawn status | Lost status | Damaged status | Not for loan | Home library | Current library | Date acquired | Vendor | Budget Code | Cost, normal purchase price | Full call number | Barcode | Date last seen | Cost, replacement price | Bill Date | Koha item type | Original Barcode |
|---|---|---|---|---|---|---|---|---|---|---|---|---|---|---|---|---|
| Withdrawn | Cummins College of Engineering for Women Pune | Cummins College of Engineering for Women Pune | 25/02/2004 | Varma Book Distributors | MATHS | 275.00 | 510 | CCEP-BK-17920 | 18/07/2023 | 275.00 | 06/06/2005 | Books | 017920 |